书目信息 |
| 题名: |
老板是你的第一顾客
|
|
| 作者: | 徐源 编译 | |
| 分册: | ||
| 出版信息: | 北京 中国纺织出版社 2004 |
|
| 页数: | 250页 | |
| 开本: | 21cm | |
| 丛书名: | ||
| 单 册: | ||
| 中图分类: | B848.4 | |
| 科图分类: | ||
| 主题词: | 个性心理学 , 人格心理学 , 成功心理学--cheng gong xin li xue--通俗读物 | |
| 电子资源: | ||
| ISBN: | 7-5064-2998-5 | |
| 000 | 00898nam0 2200277 450 | |
| 001 | CAL 012004100531 | |
| 005 | 20061120155925.14 | |
| 010 | @a7-5064-2998-5@dCNY 19.80 | |
| 099 | @aCAL 012004100531 | |
| 100 | @a20040824d2004 ekmy0chiy0121 ea | |
| 101 | 2 | @achi |
| 102 | @aCN@b110000 | |
| 105 | @ay z 000yy | |
| 200 | 1 | @a老板是你的第一顾客@Alao ban shi ni de di yi gu ke@d= Boss is the first customer of employee@f徐源编译@zeng |
| 210 | @a北京@c中国纺织出版社@d2004 | |
| 215 | @a250页@d21cm | |
| 300 | @a企业员工实现个人价值最大化的必修课, 一本帮助企业员工提升个人竞争力的培训手册 | |
| 510 | 1 | @aBoss is the first customer of employee@zeng |
| 606 | 0 | @a个性心理学 |
| 606 | 0 | @a人格心理学 |
| 606 | 0 | @a成功心理学@Acheng gong xin li xue@j通俗读物 |
| 690 | @aB848.4@v4 | |
| 701 | 0 | @a徐源@Axu yuan@4编译 |
| 801 | @aCN@c20061120 | |
| 905 | @a10447@dB848.4@eX835 | |
| 998 | @aBTBU | |
| 老板是你的第一顾客= Boss is the first customer of employee/徐源编译.-北京:中国纺织出版社,2004 |
| 250页;21cm |
| 企业员工实现个人价值最大化的必修课, 一本帮助企业员工提升个人竞争力的培训手册 |
| ISBN 7-5064-2998-5:CNY 19.80 |
| ● |
| 相关链接 |
|
|
|
正题名:老板是你的第一顾客
索取号:B848.4/X835
 
预约/预借
| 序号 | 登录号 | 条形码 | 馆藏地/架位号 | 状态 | 备注 |
| 1 | 611023 | 206110233 | 社科库509/509社科库 51排3列3层/ [索取号:B848.4/X835] | 在馆 | |
| 2 | 611024 | 206110242 | 社科库509/509社科库 51排3列3层/ [索取号:B848.4/X835] | 在馆 | |
| 3 | 611025 | 206110251 | 社科库509/509社科库 51排3列3层/ [索取号:B848.4/X835] | 在馆 |